000 00383nam a2200157Ia 4500
100 _aMathur/Sunil
650 _aMicroproceesor
942 _cBK
366 _f20
654 _amicroprocessor
245 _aMicroprocessor:8086:Architecture programming and interfacing
260 _bPrentice -Hall of India
_c2011
082 _a4.16
_bMAT
300 _a672
546 _aENGLISH
_cTTL
999 _c21247
_d21247